| 000 | 00407nam a2200145Ia 4500 | ||
|---|---|---|---|
| 008 | 230312s9999||||xx |||||||||||||| ||und|| | ||
| 020 | _a9781118826232 | ||
| 082 |
_a005.432 _bMCF-T |
||
| 100 | _aDolce,Julian | ||
| 245 | 0 | _aIOS development with Flash : your visual blueprint for developing Apple apps | |
| 260 |
_bWiley _aUSA _c2014 |
||
| 300 | _a339 | ||
| 650 |
_aComputer _vOperating Systems |
||
| 942 | _cBK | ||
| 999 |
_c16581 _d16581 |
||